Základy projektovania databázových systémov

Na minha lista:
Detalhes bibliográficos
Autor principal: Delikát, Tomáš, 1950- (Author)
Formato: Livro
Idioma:eslovaco
Publicado em: Bratislava : DELINT, 2007
Assuntos:
Tags: Adicionar Tag
Sem tags, seja o primeiro a adicionar uma tag!

MARC

LEADER 00000nam a22000003a 4500
001 stu144759
005 20150617225951.4
008 070905s2007----xo------------------slo-d
020 |a 978-80-969613-0-6 
040 |a STU  |b slo 
041 0 |a slo 
044 |a xo 
080 |a 004.65  |7 stu_us_auth*stu8852 
100 1 |a Delikát, Tomáš,  |d 1950-  |4 aut  |u E200  |U FEI Fakulta elektrotechniky a informatiky  |T FEI Katedra aplikovanej informatiky a výpočtovej techniky  |X 3586  |U E200  |Y 67  |7 A000003586 
245 1 |a Základy projektovania databázových systémov 
260 |a Bratislava :  |b DELINT,  |c 2007 
300 |a 207 s 
650 7 |a databázové systémy  |2 stusub 
650 7 |a projektovanie AIS  |2 stusub 
996 |b 284EK86904  |c E*86904  |l EE01  |s A  |a 24  |w stu144759_0001 
996 |b 284EK86905  |c E*86905  |l EE01  |s A  |a 24  |w stu144759_0002 
996 |b 284EK86906  |c E*86906  |l EE0105  |s P  |a 0  |w stu144759_0003